| 000 | 01642nam a2200445 i 4500 | ||
|---|---|---|---|
| 001 | 24672 | ||
| 003 | KOSZ 005 | ||
| 005 | 20210318141024.0 | ||
| 008 | 980715s1996 pl a f f |000 0 pol | ||
| 015 | _aPB 1997/6298 | ||
| 020 | _a8386123672 | ||
| 040 |
_aWA N _cWA N _dKOSZ 005/HR |
||
| 046 | _k1996 | ||
| 080 | _a519.816 | ||
| 080 | _a005.53 | ||
| 080 | _a(075.8+076) | ||
| 100 | 1 |
_aStępień, Piotr _c(budowa i eksploatacja maszyn) _eAutor |
|
| 245 | 1 | 0 |
_aOptymalne decyzje w technice i biznesie : _bzbiór zadań. _nCz. 1 / _cPiotr Stępień ; Politechnika Koszalińska. |
| 260 |
_aKoszalin : _bWydaw. PK, _c1996. |
||
| 300 |
_a183 s. : _brys. (w tym kolor.), wykr. ; _c30 cm. |
||
| 336 |
_2rdacontent _aTekst _btxt |
||
| 337 |
_2rdamedia _aBez urządzenia pośredniczącego _bn |
||
| 338 |
_2rdacarrier _aWolumin _bnc |
||
| 380 | _aKsiążki | ||
| 380 | _aPublikacje dydaktyczne | ||
| 385 |
_mPoziom nauczania _aSzkoły wyższe |
||
| 388 | _a1901-2000 | ||
| 388 | _a1989-2000 | ||
| 504 | _aBibliogr. s. 183. | ||
| 521 | _aSkrypt Instytutu Zarządzania i Marketingu. | ||
| 650 | 4 | _aOptymalizacja | |
| 650 | 4 | _aDecyzje | |
| 655 | 4 | _aĆwiczenia i zadania dla szkół wyższych | |
| 658 | _aInżynieria i technika | ||
| 658 | _aZarządzanie i marketing | ||
| 710 | 2 |
_aWydawnictwo Uczelniane (Politechnika Koszalińska) _4pbl. |
|
| 856 |
_uhttp://koha.tu.koszalin.pl/cgi-bin/koha/opac-detail.pl?biblionumber=24672 _yKatalog online BPK |
||
| 856 |
_uhttp://dlibra.tu.koszalin.pl/dlibra/docmetadata?id=637&from=&dirids=1&ver_id=&lp=1&QI= _yBiblioteka Cyfrowa |
||
| 942 |
_2UKD _cKS |
||
| 999 |
_c24672 _d24672 |
||